| 000 | 00378nam a2200145Ia 4500 | ||
|---|---|---|---|
| 008 | 230917s9999||||xx |||||||||||||| ||und|| | ||
| 040 |
_e40085 _aMAIN |
||
| 041 | _aEnglish | ||
| 082 | _a822.09 E15S | ||
| 100 | _aEvans, B Ifor | ||
| 245 | 2 | _aA short history of english drama | |
| 260 |
_aLudhiana _bInternational textbook reprienters _c1964 |
||
| 300 | _a172 p. | ||
| 942 | _cBK | ||
| 999 |
_c187999 _d187999 |
||